000
00226 a2200097 4500
001
39941
100
_a
Zulfiqar Ahmed
245
_a
Maarqa-e-September 1965
260
_a
Lahore
_b
Maqbool Academy
_c
1988
090
_c
24932
_d
24932
942
_a
NUST-CAE
_c
M
_c
16594
999
_c
275014
_d
275014